Southville International School and Colleges
Your cart is empty.
  • Cart
  • Lists
    Public lists Eva Luna New books Lux_list list_1
    Your lists Log in to create your own lists
  • Log in to your account
  • Your cookies
  • Search history
Southville International School and Colleges
  • Advanced search
  • Recent comments
  • Most popular
  • Libraries

Log in to your account

Log in with GOOGLE


If you do not have an external account, but do have a local account, you can still log in:

  1. Home
  2. MARC view: Winnie the witch /
Normal view MARC view ISBD view

Winnie the witch / (Record no. 104336)

[ view plain ]
MARC details
000 -LEADER
fixed length control field 00656nam a2200169 a 4500
005 - DATE AND TIME OF LATEST TRANSACTION
control field 20140412111319.0
008 - FIXED-LENGTH DATA ELEMENTS--GENERAL INFORMATION
fixed length control field 000901s19uu xx 00 eng d
020 ## - INTERNATIONAL STANDARD BOOK NUMBER
International Standard Book Number 0-19-272358-8
050 ## - LIBRARY OF CONGRESS CALL NUMBER
Classification number BB
Item number Wi72 1998
100 ## - MAIN ENTRY--PERSONAL NAME
Personal name Paul, Korky
245 ## - TITLE STATEMENT
Title Winnie the witch /
Statement of responsibility, etc Korky Paul and Valerie Thomas.
260 ## - PUBLICATION, DISTRIBUTION, ETC. (IMPRINT)
Place of publication, distribution, etc Great Claredon St., Oxford :
Name of publisher, distributor, etc Oxford University Press,
Date of publication, distribution, etc 1998.
300 ## - PHYSICAL DESCRIPTION
Extent 1 v. (unp.) ; ill.
520 ## - SUMMARY, ETC.
Summary, etc Winnie the Witch lived in a black house. It had black carpets, black chairs, a black bed with black sheets, and black pictures on the walls. It even had a black bath.
650 ## - SUBJECT ADDED ENTRY--TOPICAL TERM
Topical term or geographic name as entry element Witches stories - Fiction
Holdings
Withdrawn status Lost status Damaged status Home library Current library Shelving location Date acquired Source of acquisition Total Checkouts Full call number Barcode Date last seen Price effective from Koha item type
      Elizalde Library Elizalde Library Big Books Section 09/01/2000     BB Wi72 1998 E7373 04/12/2014 04/12/2014 Books

Winnie the witch /

APA

Paul K., . (1998). Winnie the witch. Great Claredon St., Oxford: Oxford University Press.

Chicago

Paul Korky, . 1998. Winnie the witch. Great Claredon St., Oxford: Oxford University Press.

Harvard

Paul K., . (1998). Winnie the witch. Great Claredon St., Oxford: Oxford University Press.

MLA

Paul Korky, . Winnie the witch. Great Claredon St., Oxford: Oxford University Press. 1998.

  • Place hold
  • Print
  • Cite
  • Add to your cart (remove)
  • Save record
    BIBTEX Dublin Core MARCXML MARC (non-Unicode/MARC-8) MARC (Unicode/UTF-8) MARC (Unicode/UTF-8, Standard) MODS (XML) RIS
  • More searches
    Search for this title in:
    Other Libraries (WorldCat) Other Databases (Google Scholar) Online Stores (Bookfinder.com) Open Library (openlibrary.org)

Exporting to Dublin Core...

SOUTHVILLE LIBRARY

Southville International School and Colleges Library

1281 Tropical Ave. Cor. Luxembourg St., BF Homes International, Las Pinas City

Tel. No. 8256374 / 252358 Loc. 117/146

Powered by Koha